|
|
|
|
| LEADER |
00000naa2a2200000 4500 |
| 001 |
233807 |
| 005 |
20260119161037.0 |
| 035 |
|
|
|a (RuTPU)RU\TPU\book\254888
|
| 035 |
|
|
|a RU\TPU\tpu\1921
|
| 090 |
|
|
|a 233807
|
| 100 |
|
|
|a 20130312d1937 k y0rusy50 ca
|
| 101 |
0 |
|
|a rus
|
| 102 |
|
|
|a RU
|
| 200 |
1 |
|
|a О четвертичных отложениях Чуйской степи в Юго-Восточном Алтае
|f А.В. Аксарин
|
| 320 |
|
|
|a Библиогр.: 12 назв.
|
| 461 |
|
1 |
|0 (RuTPU)RU\TPU\book\32107
|t Вестник Западно-Сибирского геологического треста
|f Западно-Сибирский геологический трест
|d 1931-
|
| 463 |
|
1 |
|0 (RuTPU)RU\TPU\book\252937
|t Вып. 5
|f гл. ред. Б. А. Рыбьев ; под ред. М. М. Рунина и др.]
|v С. 71-81
|d 1937
|
| 610 |
1 |
|
|a геолого-географические науки
|
| 610 |
1 |
|
|a труды учёных ТПУ
|
| 700 |
|
1 |
|a Аксарин
|b А. В.
|c российский ученый-геолог
|c профессор кафедры горючих ископаемых ТПИ
|f 1901-1978
|g Александр Васильевич
|3 (RuTPU)RU\TPU\pers\19758
|
| 801 |
|
0 |
|a RU
|b 63413507
|c 20011210
|g PSBO
|
| 801 |
|
2 |
|a RU
|b 63413507
|c 20130312
|g PSBO
|
| 942 |
|
|
|c BK
|